000 00438nam a2200145Ia 4500
003 OSt
005 20260202153401.0
008 211028s9999 xx 000 0 und d
040 _cAIMIT LIBRARY
041 _aeng
100 _aDeekshitha A; Dias, Beena
_g1716054
_98034
245 _aA study on job satisfaction of employess at Mangalore chemicals and fertilizers limited( mcf) Mangalore /
260 _bVinay Krishna
942 _2ddc
_cBK
999 _c219602
_d219602